[Event "CAN-ch U12"]
[Site "Ottawa"]
[Date "2013.07.12"]
[Round "6"]
[White "Liu, Ryan"]
[Black "Cheung, Damien"]
[Result "1-0"]
[WhiteElo "1065"]
[BlackElo "1021"]
[PlyCount "45"]
[EventDate "2013.07.10"]
[EventType "swiss"]
[EventRounds "6"]
[EventCountry "CAN"]
[SourceTitle "EXT 2022"]
[Source "ChessBase"]
[SourceDate "2021.10.06"]
[SourceVersion "1"]
[SourceVersionDate "2021.10.06"]
[SourceQuality "1"]

1. d4 d5 2. Nf3 Nf6 3. e3 e6 4. Bd3 c5 5. c3 Nc6 6. Nbd2 Bd6 7. 0-0 0-0 8. Qe2 Qc7 9. e4 dxe4 10. Nxe4 Nxe4 11. Qxe4 f5 12. Qe2 cxd4 13. cxd4 e5 14. dxe5 Bxe5 15. Nxe5 Nxe5 16. Bf4 Re8 17. Rfe1 Qd6 18. Rad1 Nf3+ 19. Qxf3 Rxe1+ 20. Rxe1 Qg6 21. Qd5+ Be6 22. Qxe6+ Qf7 23. Bc4 1-0